Altägyptische Vorstellungen vom Lauf der Sonne.

محفوظ في:

المؤلف الرئيسي: Sethe, Kurt, 1869-1934.

التنسيق: كتاب

اللغة: German

منشور في: Berlin : W. de Gruyter, 1928.

سلاسل: Sonderabdruck aus den Sitzungsberichten der Preussischen akademie der wissenschaften, phil.-hist. klasse, v.22, 1928.

الموضوعات:

الوسوم: إضافة وسم

لا توجد وسوم, كن أول من يضع وسما على هذه التسجيلة!

رقم الطلب: ( P )QB16 .S4 1928

LEADER 00968nam a2200265Ia 4500
003 OSt
005 20240709112328.0
008 850709s1928 gw a 000 0 ger d
952 |0 0  |1 0  |2 lcc  |4 0  |7 1  |9 43850  |a ARCE  |b ARCE  |d 2022-11-24  |l 0  |o ( P )QB16 .S4 1928  |p 1025018  |r 2022-11-24 00:00:00  |w 2022-11-24  |y BK 
999 |c 50307  |d 50307 
040 |c ARCE Library 
050 4 |a ( P )QB16 .S4 1928 
100 1 |a Sethe, Kurt,   |d 1869-1934. 
245 1 0 |a Altägyptische Vorstellungen vom Lauf der Sonne. 
264 1 |a Berlin :   |b W. de Gruyter,   |c 1928. 
300 |a 28 pages :   |b illustrations ;   |c 26 cm. 
336 |2 rdacontent  |a text  |b txt 
337 |2 rdamedia  |a unmediated  |b n 
338 |2 rdacarrier  |a volume  |b n 
490 0 |a Sonderabdruck aus den Sitzungsberichten der Preussischen akademie der wissenschaften, phil.-hist. klasse, v.22, 1928. 
650 0 |a Astronomy, Ancient. 
650 4 |a Sun worship -- Egypt. 
651 0 |a Egypt -- Religion. 
901 |a reviewed 
942 |2 lcc  |c BK